| Поле | Инд. | ПП | Название | Значение |
|---|---|---|---|---|
| Тип записи | a | |||
| Библиографический уровень | m | |||
| 001 | _ | Контрольный номер | RU\infra-m\znanium\bibl\1911128 | |
| 003 | _ | Постоянный идентификатор записи | https://znanium.com/catalog/document?id=428084 | |
| 005 | _ | Дата корректировки | 20240903131325.0 | |
| 010 | a | ISBN | 978-5-369-01440-0 | |
| 010 | a | ISBN | 978-5-16-103155-1 | |
| b | Уточнения | электр. издание | ||
| 010 | a | ISBN | 978-5-16-011083-7 | |
| b | Уточнения | ISBN соиздателя | ||
| 100 | a | Данные общей обработки | 20240122d2023 m y0rusy0150 ca | |
| 101 | 0_ | a | Язык текста | rus |
| 102 | a | Страна публикации | RU | |
| 200 | 1_ | a | Заглавие | Финансовое право |
| e | Сведения, относящиеся к заглавию | Учебное пособие | ||
| f | Первые сведения об ответственности | Тольяттинский государственный университет | ||
| 205 | a | Основные сведения об издании | 1 | |
| 210 | 1_ | a | Место издания | Москва |
| c | Издательство | Издательский Центр РИОР | ||
| d | Дата издания | 2023 | ||
| 215 | a | Объем | 176 с. | |
| 330 | a | Аннотация | Учебное пособие по направлению подготовки «Юриспруденция» ориентирует студентов на получение упорядоченных и концентрированно оформленных юридических знаний по финансовому праву необходимых для их будущей практической деятельности. Освещаются основные вопросы теории и практики российского финансового права. В книге содержится комплексный анализ ключевых финансово-правовых понятий и принципов финансового права определяется правовое положение участников финансовых отношений. В Особенной части рассматриваются отдельные подразделы (институты) финансового права: бюджетное право налоговое право государственное регулирование банковских страховых валютных правоотношений. Студентам аспирантам и преподавателям высших учебных заведений юридического и экономического профиля а также всем тем кто интересуется проблемами развития современного финансового законодательства РФ. | |
| 333 | a | Примечание о целевом назначении | Профессиональное образование | |
| 606 | a | Основная рубрика | Право. Юридические науки | |
| x | Основная подрубрика | Финансовое право | ||
| 2 | Код системы | local | ||
| 608 | a | Жанр/форма | Учебное пособие | |
| 2 | Код системы | local | ||
| 675 | a | Индекс УДК | 340.1(075.8) | |
| z | Язык издания | rus | ||
| 686 | a | Систематический индекс | 67.0я73 | |
| 2 | Код системы | rubbk | ||
| 686 | a | Систематический индекс | 40.03.01 | |
| 2 | Код системы | okso | ||
| 686 | a | Систематический индекс | 40.05.01 | |
| 2 | Код системы | okso | ||
| 686 | a | Систематический индекс | 40.05.02 | |
| 2 | Код системы | okso | ||
| 686 | a | Систематический индекс | 40.05.03 | |
| 2 | Код системы | okso | ||
| 686 | a | Систематический индекс | 40.05.04 | |
| 2 | Код системы | okso | ||
| 686 | a | Систематический индекс | 44.03.05 | |
| 2 | Код системы | okso | ||
| 700 | _1 | a | Фамилия | Мусаткина |
| b | Имя | А.А. | ||
| g | Полное личное имя | Александра Анатольевна | ||
| p | Наименование/ адрес организации | Тольяттинский государственный университет | ||
| 701 | _1 | a | Фамилия | Чуклова |
| b | Имя | Е.В. | ||
| g | Полное личное имя | Елена Валериевна | ||
| p | Наименование/ адрес организации | Тольяттинский государственный университет | ||
| 801 | _0 | a | Страна | RU |
| b | Организация | Общество с ограниченной ответственностью «ЗНАНИУМ» | ||
| c | Дата составления | 20220922 | ||
| 2 | Код формата | rusmarc | ||
| 856 | 4_ | a | Внешний URL ресурс | znanium.com |
| m | Координаты для получения помощи по доступу | ebs_support@infra-m.ru | ||
| n | Название местонахождения сервера | НИЦ ИНФРА-М | ||
| u | URL | https://znanium.com/catalog/document?id=428084 | ||
| 856 | 41 | a | Внешний URL ресурс | znanium.com |
| d | Путь (Path) | /cover/1911 | ||
| f | Электронное имя | 1911128.jpg | ||
| q | Тип электронного формата | image/jpeg | ||
| u | URL | https://znanium.com/cover/1911/1911128.jpg |